000 00684nam a2200253Ia 4500
003 OSt
005 20220926024531.0
006 a|||||r|||| 00| 0
007 ta
008 220923b |||||||| |||| 00| 0 eng d
020 _a0631147691
037 _cGeneral Book
040 _aRTL
_cRTL
_beng
041 _2eng
_aeng
082 _aY2211, N0/TD
100 _aWalby Sylvia
_9251792
245 0 _aTheorizing patriarchy
260 _aOxford
_bBlackwell
_c1990
300 _a229p.
_ccm.
500 _aBibliography: P 203-22
650 _aMarriage and Kinship
_9230715
942 _hY2211, N0/TD
_cGB
_2CC
999 _c644642
_d644642